[Event "Cracovia Chess Festival A 2021"]
[Site "Cracow"]
[Date "2022.01.02"]
[Round "6.26"]
[White "Mis, Mieszko"]
[Black "Gombocz, Ferenc Jr."]
[Result "1-0"]
[WhiteElo "2417"]
[BlackElo "2236"]
[Annotator "TA"]
[PlyCount "97"]
[EventDate "2021.12.27"]
[EventCountry "POL"]
[SourceTitle "playchess.com"]
[Source "ChessBase"]
[SourceQuality "1"]

{[%evp 10,97,10,5,16,6,16,13,12,10,13,12,14,10,13,0,38,34,35,37,60,24,205,205,190,198,200,187,184,187,196,194,190,204,194,197,226,207,175,89,81,89,98,90,126,133,241,241,328,195,202,202,195,151,195,195,256,226,237,189,351,339,522,470,511,508,452,451,680,663,620,616,840,522,522,522,505,383,29965,29964,29952,11758,11370,12107,1075,722,29981,29983,29985,29986]} 1. d4 d5 2. c4 c6 3. Nf3 Nf6 4. Qc2 dxc4 5. Qxc4 Bg4 6. Nbd2 Nbd7 {D23: Queen's Gambit Accepted: 3 Nf3 Nf6 sidelines.} 7. g3 e6 8. Bg2 Be7 {The position is equal.} 9. O-O O-O 10. Qb3 Qb6 11. Nc4 Qa6 12. Bd2 Rac8 13. Rfc1 Rfd8 {[#]} 14. a4 $146 ({Predecessor:} 14. e3 Bf5 15. Nfe5 b5 16. Nxd7 Rxd7 17. Ne5 Rdc7 18. Bf1 Qb7 19. Ba5 Rd7 20. Nxd7 Qxd7 {1-0 (43) Vajda,S (2358)-Kopinits,A (2293) Balatonszarszo 2017}) 14... c5 15. Nfe5 (15. Qb5 {with more complications.} Bxf3 16. Bxf3 Nb6 17. Ba5 Rxd4 18. Nxb6 axb6 19. Bxb6 g5 20. Ba5) 15... cxd4 $2 (15... Bxe2 $11 {and Black has nothing to worry.} 16. Bxb7 Bxc4 17. Bxc8 (17. Rxc4 Qb6 $11) (17. Nxc4 Rb8 $11) 17... Bxb3 18. Bxa6 Nxe5 19. dxe5 Rxd2 20. exf6 gxf6) 16. Nxg4 Nxg4 17. Bxb7 {[%cal Bg2b7,Bb7a6,Ba6c4][%mdl 32]} Rb8 18. Bxa6 {This bishop pair is nice.} Rxb3 19. Na5 $1 {[%cal Bc4a5,Ba5c6,Bc6d8][%mdl 32]} Rxb2 {[#]} 20. Nc6 $1 {[%csl LRa7,LRd4,LRd8,LRe7]} Rxd2 (20... Re8 21. Nxe7+) 21. Nxd8 {[%cal Oc1c7]} Nc5 22. Nc6 {[%csl LRa7,LRe7]} Bd6 23. Bc4 d3 24. h3 (24. exd3 $18 {aiming for d4.} h5 25. d4 Rxf2 26. dxc5 Bxc5 27. Be2 $1 {[%mdl 512]}) 24... Ne5 $16 25. Nxe5 Bxe5 26. Rab1 dxe2 27. Bxe2 Rxe2 (27... Bd6 $16) 28. Rxc5 {[%cal Rc5c8][%mdl 4096] Endgame KRR-KRB} g6 29. Rc4 {To avoid Bd4} (29. Rd1 $142) 29... Rd2 $18 {[#]} 30. Kf1 $1 Rd7 31. Ke2 ({White should play} 31. Rb5 $18 Bd4 32. Rcb4) 31... Bd4 (31... Kg7 $16 {is a better defense.} 32. Rcb4 Bc3) 32. Rb5 e5 (32... Kf8 $142 33. Rcb4 e5) 33. Rc6 Kg7 34. a5 f6 $2 (34... h5 {was necessary.} 35. f3 Re7) 35. Rb8 Rd5 (35... e4 $142 36. Rb1 Kf7) 36. h4 {White threatens Rc7+ and mate.} Rxa5 37. Rb7+ Kh6 38. Rxf6 {Threatens to win with g4.} Ra2+ {[#]} (38... e4 $142) 39. Kf1 $1 {And now g4 would win.} e4 40. Rff7 {[%csl Gb7][%cal Rf7h7]} Kh5 41. Kg2 g5 42. Rbd7 Rd2 43. Kh3 {White wants to mate with g4+.} gxh4 $2 (43... g4+ $18 44. Kg2 Kg6) 44. Rd6 {[%cal Rf7f5]} Rxf2 45. Rxh7+ Kg5 46. Rxd4 hxg3 47. Kxg3 Re2 48. Rd5+ Kg6 49. Rxa7 {Weighted Error Value: White=0.18 (very precise) /Black=0.57} 1-0

[Event "Cracovia Chess Festival A 2021"]
[Site "Cracow"]
[Date "2022.01.02"]
[Round "6.27"]
[White "Kopylov, Michael"]
[Black "Czernek, Tymon"]
[Result "1/2-1/2"]
[WhiteElo "2391"]
[BlackElo "2224"]
[Annotator "TA"]
[PlyCount "66"]
[EventDate "2021.12.27"]
[EventCountry "POL"]
[SourceTitle "playchess.com"]
[Source "ChessBase"]
[SourceQuality "1"]

{[%evp 10,66,35,20,43,37,41,14,43,54,38,39,49,56,49,20,50,22,52,32,75,70,153,150,201,200,277,280,281,231,221,225,223,218,381,257,246,110,99,111,111,0,0,0,0,0,0,0,0,0,89,0,0,-120,-117,-104,-60,-58,-262]} 1. d4 Nf6 2. c4 g6 3. Nc3 Bg7 4. e4 d6 5. h3 O-O 6. Be3 a5 {E71: King's Indian: 4 e4 d6 5 h3.} 7. Nf3 Na6 8. g3 Nd7 {The position is equal.} 9. Bg2 e5 10. O-O {[#]} b6 $146 ({Predecessor:} 10... Re8 11. Re1 c6 12. Kh2 exd4 13. Nxd4 Nac5 14. b3 Ne5 15. Bf1 a4 16. f4 Ned7 {0-1 (32) Perez,R (2359)-Naroditsky,D (2494) Saint Louis 2013}) 11. Qd2 Bb7 12. Rfd1 Qe8 13. Rac1 Rd8 14. b3 Ba8 (14... exd4 $14 {deserves consideration.} 15. Bxd4 f6) 15. Nd5 f5 (15... Nf6 $14) 16. exf5 $16 {White is much more active.} e4 (16... gxf5 $16 17. dxe5 Nxe5 18. Nxe5 dxe5) 17. Nh4 $18 {Strongly threatening fxg6.} Bxd5 18. cxd5 gxf5 19. Bf1 Nb4 20. Rxc7 Kh8 21. Bc4 Nf6 $2 (21... b5 {was called for.}) 22. Nxf5 Nfxd5 {[#]} 23. Rxg7 {Chess con chili.} (23. Bh6 $1 $18 {[%mdl 512]} Rxf5 24. Bxg7+ Kg8 25. Bh6) 23... Rxf5 $16 {[#]} 24. Rg4 {Threatens to win with Bh6.} (24. Bh6 e3 25. fxe3 Rf6 26. Bxd5 Nxd5 $14) 24... Nxe3 25. fxe3 ({Only move:} 25. Qxe3 $16 {Hoping for Rg8+.} Rf3 26. Qg5 (26. Qxe4 Qxe4 27. Rxe4 d5 $17)) 25... d5 $11 26. Be2 Rc8 {...Rc2 is the strong threat.} 27. Rc1 {To avoid Rc2} Rxc1+ 28. Qxc1 Nxa2 29. Qc7 {[%csl Gg4][%cal Rc7g7]} Qf8 {Prevents Qg7+.} (29... Rf7 $11 {keeps the balance.} 30. Qxb6 Nc3) 30. h4 ({Of course not} 30. Qxb6 $6 Nc1 31. Qb5 Nxe2+ 32. Qxe2 Rf3 $11) (30. Rf4 $16) 30... Nb4 {And now ...Nd3 would win.} 31. Kg2 {[#]} (31. Rf4 $11 {remains equal.}) 31... Nd3 $1 $17 ({Much weaker is} 31... Rf2+ $6 32. Kg1 $11) 32. Bxd3 exd3 33. Rf4 {Prevents Rf2+.} Rxf4 {[%mdl 32768] Quite a comeback for Black.  Weighted Error Value: White=0.30/Black=0.22 (precise) . An unexpected result.} 1/2-1/2

[Event "Cracovia Chess Festival A 2021"]
[Site "Cracow"]
[Date "2022.01.02"]
[Round "6.28"]
[White "Kopylov, Daniel"]
[Black "Sernecki, Franciszek"]
[Result "1/2-1/2"]
[WhiteElo "2317"]
[BlackElo "2220"]
[Annotator "TA"]
[PlyCount "52"]
[EventDate "2021.12.27"]
[EventCountry "POL"]
[SourceTitle "playchess.com"]
[Source "ChessBase"]
[SourceQuality "1"]

{[%evp 21,52,0,0,0,0,0,0,-42,-26,-47,-29,-29,-24,-38,-30,-29,-31,-29,-34,-41,0,-41,-41,-46,-21,-29,-27,-24,-24,-38,-34,-25,-30]} 1. e4 c6 2. d4 d5 3. Nc3 dxe4 4. Nxe4 Nd7 5. Nf3 Ngf6 6. Ng3 e6 7. Bd3 c5 8. O-O Be7 9. Qe2 O-O 10. Rd1 Qc7 11. c4 Re8 {[#]} 12. Ne4 $146 {B17: Caro-Kann: Modern Line (4...Nd7).} ({Predecessor:} 12. dxc5 Bxc5 13. b3 b6 14. Bb2 Bb7 15. Ne4 Be7 16. Nxf6+ Bxf6 17. Bxf6 Nxf6 18. Qe5 Qe7 19. Nd4 Rad8 {½-½ (31) Kokarev,D (2650)-Sjugirov,S (2643) Izhevsk 2014}) 12... b6 13. Neg5 {[%cal Og5f7] [#] And now Nxf7! would win.} h6 14. Ne4 (14. Bg6 $1 $11 {deserves consideration.} fxg6 15. Qxe6+ Kh8 16. Nf7+ Kh7 17. N7g5+ Kh8 18. Nf7+ Kh7 19. N7g5+ Kh8) 14... Bb7 $15 15. b3 Qc6 {[%cal Rf6e4]} 16. Re1 Nxe4 17. Bxe4 Qxe4 18. Qxe4 Bxe4 19. Rxe4 cxd4 20. Nxd4 Nc5 (20... Bf6 $15 21. Bb2 Nc5) 21. Re2 (21. Re1 $11 {is more appropriate.}) 21... Bf6 22. Bb2 Red8 23. Nf3 Bxb2 24. Rxb2 Rd6 25. Rd2 Rxd2 26. Nxd2 Rd8 {Weighted Error Value: White=0.11 (very precise) /Black=0.05 (flawless)} 1/2-1/2

[Event "Cracovia Chess Festival A 2021"]
[Site "Cracow"]
[Date "2022.01.02"]
[Round "6.29"]
[White "Romero Calduch, Sergio"]
[Black "Chyzy, Jakub"]
[Result "1/2-1/2"]
[WhiteElo "2199"]
[BlackElo "2260"]
[Annotator "TA"]
[PlyCount "116"]
[EventDate "2021.12.27"]
[EventCountry "POL"]
[SourceTitle "playchess.com"]
[Source "ChessBase"]
[SourceQuality "1"]

{[%evp 14,116,17,14,29,10,9,9,12,16,16,12,22,0,0,0,0,0,0,0,16,3,0,-10,-11,-9,13,-4,0,-24,-6,-9,82,83,83,88,91,85,113,37,31,12,102,0,0,0,0,0,0,0,0,0,0,0,0,-9,-8,-8,0,0,0,0,0,-1,0,-8,0,0,0,0,150,123,152,143,154,138,148,36,33,40,50,0,0,0,0,0,0,0,0,0,0,0,0,0,0,0,0,0,0,0,0,0,0,-28000,-28000]} 1. d4 Nf6 2. Nf3 e6 3. c4 Bb4+ 4. Bd2 Qe7 5. Nc3 b6 6. g3 Bb7 7. Bg2 O-O 8. O-O c5 {E16: Queen's Indian: 4 g3 Bb7 5 Bg2 Bb4+.} 9. a3 Bxc3 10. Bxc3 Ne4 {The position is equal.} 11. Qc2 d6 12. Rfd1 f5 {[#]} 13. Nd2 $146 {[%cal Rd2e4]} (13. b4 {is more complex.} Nd7 14. dxc5 bxc5 15. Bb2 Nb6 16. b5) ({Predecessor:} 13. b4 Nd7 14. Bb2 Rac8 15. Nd2 Ndf6 16. dxc5 bxc5 17. Nxe4 Nxe4 18. b5 d5 19. Be5 {0-1 (49) Markos,J (2225)-Moshina,C (2135) Istanbul 1998}) 13... Nxc3 14. Qxc3 Bxg2 15. Kxg2 Nd7 {[%cal Bb8d7,Bd7c5,Bc5a4,Ba4c3][%mdl 32]} 16. dxc5 bxc5 17. b4 Rac8 18. bxc5 Nxc5 19. Rab1 Rc7 20. Qd4 Rfc8 21. f3 Na4 22. Nf1 d5 (22... Rd7 $11 {remains equal.}) 23. cxd5 $16 exd5 {...Nc3 is the strong threat.} 24. Rd2 $1 (24. Qxa4 $6 Qxe2+ 25. Kg1 Rc2 $11) (24. Qxd5+ $6 Kh8 $11) 24... Nc3 25. Rb3 Rc4 26. Qe3 (26. Qd3 $1 $16) 26... Qd7 27. Qe5 f4 {To avoid Ne3} (27... Re8 $1 $11 28. Rb8 Rcc8 29. Rxc8 Qxc8) 28. gxf4 (28. e4 $16) 28... Re8 $1 $11 29. Rb8 Rcc8 30. Rxc8 Qxc8 31. Qd4 {aiming for Kf2.} Nxe2 32. Qxd5+ Kh8 33. Qd6 Qc4 34. Ng3 Nxf4+ 35. Kf2 $1 h6 36. Qd4 ({Of course not} 36. Ne4 Qf7 37. h4 Rf8 $17) 36... Qc7 37. Qd6 $1 $36 {[%mdl 2048] Prevents Rf8. White fights for an advantage.} Qc4 38. Qd4 ({Reject} 38. Ne4 Qf7 39. Rd4 Rf8 $17) 38... Qf7 39. Qd7 Qg6 40. Qd6 Qg5 41. Rd4 $1 Ng6 {[#]} (41... Nh3+ $2 42. Kg2 $18) ({Better is} 41... Nh5 $11) 42. f4 $1 $16 Qf6 (42... Qg4 $2 43. f5 Qh3 44. Qxg6 $18) 43. Qxf6 gxf6 {[%mdl 4096] Endgame [#] KRN-KRN} 44. Nh5 $1 Rb8 45. Ra4 ({White should play} 45. Rd7 $16 Rb6 46. Rxa7) 45... Rb5 $1 $14 ({Not} 45... Rb2+ 46. Ke3 $16) 46. Nxf6 Rf5 $1 {[%csl LRf4,LRf6]} 47. Ng4 (47. Ra6 $14) 47... h5 $11 48. Ne3 Rxf4+ 49. Rxf4 Nxf4 {KN-KN} 50. Kf3 Ne6 51. Ke4 Kg7 52. Ke5 Ng5 53. Kf5 Nf3 54. h3 Ng1 55. h4 Nf3 56. Kf4 Nxh4 57. Kg5 {[%csl LRh4,LRh5]} Nf3+ $2 {[%mdl 8192]} (57... Ng6 $11) 58. Kxh5 Kf6 {[%mdl 32768] Black used his chance.  Weighted Error Value: White=0.10 (very precise) /Black=0.15 (very precise) . An unexpected result.} 1/2-1/2

[Event "Cracovia Chess Festival A 2021"]
[Site "Cracow"]
[Date "2022.01.02"]
[Round "6.30"]
[White "Konyves, Almos"]
[Black "Meurs, Tom"]
[Result "0-1"]
[WhiteElo "2250"]
[BlackElo "2208"]
[Annotator "TA"]
[PlyCount "82"]
[EventDate "2021.12.27"]
[EventCountry "POL"]
[SourceTitle "playchess.com"]
[Source "ChessBase"]
[SourceQuality "1"]

{[%evp 9,82,14,20,23,26,26,32,31,36,-4,0,0,1,0,0,-8,2,-28,-25,-25,-20,-40,-38,-37,-26,-80,-72,-127,-119,-151,-139,-154,0,-442,-437,-425,-433,-439,-429,-454,-454,-678,-671,-895,-895,-1356,-958,-1748,-1908,-1633,-1678,-1529,-1340,-2330,-2381,-1808,-1772,-29974,-29976,-29977,-29978,-29978,-29979,-29979,-29980,-29980,-29981,-29981,-29982,-29983,-29984,-29980,-29981,-29975,-29976]} 1. d4 d5 2. c4 e6 3. Nf3 a6 4. cxd5 exd5 5. Nc3 c6 6. Bf4 {D31: Queen's Gambit Declined: Semi-Slav without ...Nf6 (+ Marshall Gambit and Noteboom) and Exchange Variation lines without ...Nf6.} Bd6 7. Bxd6 Qxd6 8. e3 {White is slightly better.} Bf5 9. Bd3 Bxd3 10. Qxd3 Nf6 11. O-O O-O 12. Ne5 c5 {[#]} 13. Rad1 $146 ({Predecessor:} 13. f4 Nc6 14. Rf3 cxd4 15. exd4 Ne4 16. Nxe4 dxe4 17. Qxe4 Qxd4+ 18. Qxd4 Nxd4 19. Rf2 {½-½ (60) Neubauer,M (2440)-Landa,K (2641) Germany 2012}) 13... c4 14. Qf5 Nc6 15. f4 b5 16. a3 Rab8 17. Rf3 (17. g4 $11 {keeps the balance.}) 17... Ne7 18. Qg5 {[#]} (18. Qc2 $142) 18... a5 $1 $17 {[%cal Ba6a5,Ba5b4][%mdl 32]} 19. Rg3 {[%csl Gg3][%cal Rg5g7] [#]} g6 {aiming for ...b4.} 20. Rh3 Nf5 $2 ({Black should try} 20... b4 $17 21. axb4 axb4) 21. Ng4 $2 {[%mdl 8192]} (21. g4 $11 {and White stays safe.} h6 22. Rxh6 Nxh6 23. Qxh6) 21... Nxg4 $19 22. Qxg4 b4 23. axb4 axb4 24. Ne2 Rfe8 25. Kf2 (25. Rc1 $142 Qe7 26. Qf3) 25... Ra8 26. Rd2 Ra1 {[%cal Oh7h5]} 27. Rf3 {[#]} Rxe3 $1 {[%mdl 512] Threatens to win with ...Qe6.} 28. Ng3 (28. Qh3 c3) 28... Qe6 {Strongly threatening ...Rxf3+.} 29. Nxf5 Rxf3+ 30. Kxf3 Rf1+ 31. Rf2 Rxf2+ 32. Kxf2 Qxf5 33. Qxf5 gxf5 {KP-KP. Black mates.} 34. Ke3 Kf8 35. Kd2 Ke7 36. Kc2 Kd7 37. Kd2 Kc6 38. Kc2 Kb5 39. Kb1 b3 40. Kc1 Kb4 41. Kd2 c3+ {Weighted Error Value: White=0.83/Black=0.16 (very precise)} 0-1

[Event "Cracovia Chess Festival A 2021"]
[Site "Cracow"]
[Date "2022.01.02"]
[Round "6.31"]
[White "Bus, Konrad"]
[Black "Nawin J J"]
[Result "1/2-1/2"]
[WhiteElo "2244"]
[BlackElo "2109"]
[Annotator "TA"]
[PlyCount "57"]
[EventDate "2021.12.27"]
[EventCountry "POL"]
[SourceTitle "playchess.com"]
[Source "ChessBase"]
[SourceQuality "1"]

{[%evp 15,57,25,26,35,41,39,24,0,0,0,0,0,7,15,14,15,12,14,15,0,0,0,9,0,0,0,0,-5,0,0,0,0,0,0,0,0,0,0,0,0,0,0,0,0]} 1. d4 Nf6 2. c4 g6 3. Nf3 {[%cal Bg1f3,Bf3e5,Be5d3][%mdl 32]} Bg7 4. g3 O-O 5. Bg2 d6 {[%cal Bd7d6,Bd6c5,Bc5c4][%mdl 32]} 6. O-O c5 7. dxc5 dxc5 8. Ne5 Qc7 9. Nd3 {E60: King's Indian: Unusual lines and Fianchetto Variation without Nc3.} Nc6 10. Nc3 Rd8 {[#]} 11. Nd5 $146 {White has an edge.} ({Predecessor:} 11. Bf4 Qa5 12. a3 Nd4 13. e3 Bg4 14. f3 Bf5 15. b4 cxb4 16. axb4 Qb6 17. c5 {1-0 (40) Dzhaparov,M (1691)-Herman,M (2383) Chess.com INT 2021}) 11... Nxd5 {The position is equal.} 12. cxd5 c4 13. dxc6 cxd3 14. Bf4 e5 15. Bg5 Rd6 16. exd3 bxc6 17. Qc2 Ba6 18. Rfd1 Qd7 {[%cal Ra6d3]} 19. Bf1 h6 20. Be3 Rd8 {[%cal Oe5e4]} 21. Be2 Bxd3 22. Bxd3 Rxd3 23. Rxd3 Qxd3 24. Qxd3 Rxd3 $11 {KRB-KRB} 25. Rc1 e4 26. Rxc6 Bxb2 27. Ra6 Bd4 28. Bxd4 Rxd4 29. Rxa7 {Weighted Error Value: White=0.03 (flawless) /Black=0.02 (flawless)} 1/2-1/2

[Event "Cracovia Chess Festival A 2021"]
[Site "Cracow"]
[Date "2022.01.02"]
[Round "6.32"]
[White "Braeuning, Rudolf Wilhelm"]
[Black "Majek, Kacper"]
[Result "1/2-1/2"]
[WhiteElo "2242"]
[BlackElo "2100"]
[Annotator "TA"]
[PlyCount "117"]
[EventDate "2021.12.27"]
[EventCountry "POL"]
[SourceTitle "playchess.com"]
[Source "ChessBase"]
[SourceQuality "1"]

{[%evp 12,117,4,0,0,-13,-8,-6,0,-7,16,15,4,8,32,-6,-10,-6,-3,-31,-35,-39,-41,-52,0,0,7,6,250,-8,-4,-19,2,13,10,0,0,0,89,99,213,195,207,191,207,125,141,141,206,207,224,197,182,82,200,8,47,62,183,0,0,0,0,0,0,0,0,0,0,0,0,0,4,0,0,0,0,0,0,0,0,0,0,0,0,0,0,0,0,0,0,0,0,0,0,0,0,0,0,0,0,0,0,0,0,0,0,0]} 1. e4 c5 2. c3 Nf6 3. e5 Nd5 4. d4 cxd4 5. Nf3 d6 6. Qxd4 e6 7. Nbd2 Nc6 {B22: Sicilian: 2 c3.} 8. Bb5 Bd7 9. Bxc6 Bxc6 10. Nc4 b5 11. Nxd6+ Bxd6 12. exd6 O-O 13. a4 (13. b3 $5 {[%cal Re1g1]}) 13... Qxd6 {[%cal Oe6e5]} 14. O-O a6 {[#]} (14... bxa4 $2 15. c4 $18) 15. b3 $146 {Black must now prevent Ba3.} ({Predecessor:} 15. Rd1 Qc7 16. Ne5 Bb7 17. axb5 axb5 18. Rxa8 Rxa8 19. h3 f6 20. Nd3 e5 21. Qg4 {½-½ (29) Szulc,S (2078)-Jose Queralto,D ICCF email 2020}) 15... Qc7 16. Ne5 {[%cal Bf3e5,Be5d3,Bd3c5][%mdl 32]} Bb7 17. c4 {[#]} Nb4 (17... f6 $1 $15 18. Nd3 bxc4 19. bxc4 Nb6) 18. Qc3 $1 $11 (18. axb5 Nc2 19. b6 Qe7 $17) 18... Nc6 19. Nd3 Rfd8 $2 (19... bxa4 $11 {and Black has nothing to worry.} 20. Rxa4 Rfd8) 20. Be3 $2 ({Worse is} 20. axb5 Nd4 21. Re1 Nxb5 $1 $17) (20. cxb5 $18 {Hoping for Bb2.} Rxd3 21. Qxd3 axb5 22. Bb2 (22. Qxb5 Ba6 $16) 22... bxa4 23. bxa4 (23. Rxa4 Rd8 $16)) 20... Ne7 21. Nc5 Nf5 {[%cal Ob5b4]} (21... bxc4 {seems wilder.} 22. bxc4 Nf5 23. Nxb7 Qxb7 24. a5 Nxe3 25. Qxe3 h6) 22. cxb5 axb5 23. axb5 {[%cal Oe3f4]} Rxa1 24. Rxa1 {[%cal Oe3f4]} Nxe3 (24... h6 $11 {keeps the balance.}) 25. fxe3 $16 {Strongly threatening Qa5.} f5 (25... Bd5 $16 {might work better.}) 26. Qa5 $1 $18 Qe7 27. Nxb7 Rb8 {[#]} 28. Qa6 Rxb7 $16 {[%mdl 4096] Endgame KQR-KQR} 29. Qc6 h6 (29... Rc7 $16 30. Qa8+ Kf7) 30. b6 $1 $18 Kh7 31. h3 Rd7 32. Rc1 (32. b4 $18 {is more deadly.}) 32... Qd6 {[#]} (32... Rd3 $16) 33. b4 $2 ({Don't do} 33. Qxd6 $6 Rxd6 34. b7 Rb6) (33. Rc5 $1 $18) 33... Qd2 (33... Qe5 $5) 34. Qc3 {aiming for Qxd2.} Qe2 {[#]} (34... Qd6 $14) 35. Re1 $2 (35. Qe5 $1 $18 {[%cal Re5e6]}) 35... Qb5 $11 {The position is equal.} 36. Qc5 Rd5 37. Qxb5 Rxb5 {KR-KR} 38. e4 f4 39. Rb1 Kg6 40. Kf2 Kf6 ({Resist} 40... e5 41. Ke2 $16) 41. Ke2 Ke5 42. Kd3 Rxb6 43. b5 g5 44. Rb4 h5 45. Kc4 g4 46. hxg4 hxg4 47. Kd3 $1 g3 {[%cal Of4f3] ...f3! is the strong threat.} 48. Ke2 {Threatens to win with Kf3.} Kd6 49. e5+ Kc5 50. Rb1 {And now Kf3 would win.} Rxb5 51. Rxb5+ Kxb5 {K3P-KPP} 52. Kf3 Kc5 53. Kxf4 Kd4 54. Kxg3 {White wants to mate with Kf4.} Kxe5 55. Kf3 Kf5 56. g4+ Kg5 57. Ke4 Kxg4 58. Ke5 Kh3 59. Kxe6 {Blacks defense is rewarded with a draw.  Weighted Error Value: White=0.21 (precise) /Black=0.26 (precise)} 1/2-1/2

[Event "Cracovia Chess Festival A 2021"]
[Site "Cracow"]
[Date "2022.01.02"]
[Round "6.33"]
[White "Godzwon, Iwo"]
[Black "Musial, Tomasz"]
[Result "1-0"]
[WhiteElo "2352"]
[BlackElo "2111"]
[Annotator "TA"]
[PlyCount "83"]
[EventDate "2021.12.27"]
[EventCountry "POL"]
[SourceTitle "playchess.com"]
[Source "ChessBase"]
[SourceQuality "1"]

{[%evp 18,83,6,0,18,0,0,1,15,18,27,0,0,0,0,-2,16,0,0,0,0,-33,0,0,0,0,12,0,133,131,123,145,131,143,258,266,539,507,537,331,311,280,271,204,205,208,269,312,264,0,0,-303,306,300,672,675,643,658,593,563,494,287,29987,29986,29996,29996,29996,29997]} 1. c4 e5 2. Nc3 Nf6 3. Nf3 Nc6 4. a3 a5 5. e3 Be7 6. Be2 O-O 7. Qc2 d5 8. cxd5 Nxd5 9. O-O Be6 10. d3 Kh8 {A28: English Opening: Four Knights Variation.} 11. Bd2 f5 12. Nxd5 Qxd5 {[#] The position is equal.} 13. Bc3 $146 ({Predecessor:} 13. Rac1 Bf6 14. Bc3 a4 15. Qb1 Qd6 16. Rfd1 Bb3 17. Re1 h6 18. Nd2 Bg8 19. Red1 {1-0 (68) Vidarte Morales,A (2340)-Gomez Esteban,J (2495) Barbera del Valles 1996}) 13... Bf6 14. Rfd1 Rfd8 15. Rac1 Qb3 16. Qb1 Qa4 17. Rd2 Qb3 18. Bd1 Qb5 19. Bc2 Nb4 20. axb4 axb4 21. Bxe5 $1 Ba2 22. Ba4 Rxa4 (22... Qxa4 $11 {remains equal.} 23. Qc2 Bxe5 24. Nxe5 c6) 23. Qc2 $16 Bxe5 24. Nxe5 Rc8 25. b3 Ra6 (25... Raa8 $16) 26. d4 $18 Qd5 $2 (26... Qe8 27. Qc4 h6) 27. Qxf5 Rd8 28. Rxc7 Bxb3 {[#] ( -> ...Ra1+)} 29. h4 {The board is on fire.} ({Less strong is} 29. Qb1 Qa5 30. Rxb7 (30. Qxb3 Qxc7 31. h3 Rda8 $16) 30... Bd5 $16) 29... Qd6 30. Rxb7 $40 {[%mdl 128] White has strong attack.} Bd5 {And now ...Ra1+ would win.} 31. Rb5 ({Don't play} 31. Rd1 Qf6 32. Qxf6 gxf6) 31... Ra1+ 32. Kh2 b3 33. Qd3 $2 ({White should try} 33. e4 $18 Bg8 34. d5) 33... Qf6 $11 {[%cal Rf6h4] [#]} 34. Kg3 {[%mdl 8192]} (34. Rd1 $11 {and White has nothing to worry.} Ra2 35. Rf1 Rxf2 36. Rxd5 Rxd5 37. Rxf2 Qxf2 38. Qxb3 Qxh4+ 39. Kg1 Qe1+ 40. Kh2 Qh4+ 41. Kg1 Qe1+ 42. Kh2 Qh4+) 34... g5 $4 {[%mdl 8192]} (34... Rh1 $19 {[%csl Gh1][%cal Rf6h4] and life is good for Black.} 35. Nf3 (35. Rxd5 $2 Qxh4+ 36. Kf3 Rf8+ 37. Nf7+ Rxf7+ 38. Rf5 Qh5+ 39. g4 Rh3+ 40. Kf4 Qh6+ 41. Ke5 Rf3 $19) 35... Bxf3) 35. Rxd5 $18 gxh4+ $2 (35... Rxd5 36. Qxb3 Qd6) 36. Kh2 {aiming for Rxd8+.} Rxd5 37. Qxb3 Raa5 38. Qb8+ Kg7 39. Rc2 (39. Qc7+ $142 Kf8 40. Nd7+ Rxd7 41. Qxd7) 39... Qd6 $2 (39... Rxe5 $18 40. Qc7+ Kf8) 40. Rc7+ {White mates.} Kf6 41. Rf7+ Kg5 42. Qg8+ {Weighted Error Value: White=0.45/Black=0.81} 1-0

[Event "Cracovia Chess Festival A 2021"]
[Site "Cracow"]
[Date "2022.01.02"]
[Round "6.34"]
[White "Koziorowicz, Michal"]
[Black "Klepek, Witold"]
[Result "1-0"]
[WhiteElo "2309"]
[BlackElo "2148"]
[Annotator "TA"]
[PlyCount "109"]
[EventDate "2021.12.27"]
[EventCountry "POL"]
[SourceTitle "playchess.com"]
[Source "ChessBase"]
[SourceQuality "1"]

{[%evp 27,109,-17,0,-18,14,14,14,14,3,7,17,18,37,31,29,26,42,8,20,8,64,68,74,75,75,49,56,57,56,58,54,54,64,66,47,8,8,8,8,0,8,0,4,0,0,0,10,4,393,381,360,316,281,199,425,420,679,672,2104,1513,1566,686,686,679,1921,679,29973,29974,29974,29975,29974,29973,29972,29973,29973,29974,29974,29975,29978,29979,29979,29980,29976,29960]} 1. e4 e6 2. d4 d5 3. Nc3 Nf6 4. e5 Nfd7 5. f4 c5 6. Nf3 Nc6 7. Be3 a6 8. Qd2 b5 9. dxc5 Bxc5 10. Bxc5 Nxc5 11. Qf2 Qb6 12. Bd3 b4 13. Ne2 a5 14. O-O Ba6 15. Qe3 {[#] C11: French: Classical System: 4 e5 and 4 Bg5 dxe4.} Na4 $146 ({Predecessor:} 15... a4 16. Nfd4 Nxd4 17. Nxd4 a3 18. b3 Ne4 19. f5 exf5 20. Nxf5 Qxe3+ 21. Nxe3 Nc3 {½-½ (21) Herzog,K (2063)-Jovanovic,B (2082) LSS email 2008}) 16. Qxb6 Nxb6 17. Ned4 {The position is equal.} Nxd4 18. Nxd4 g6 {Inhibits f5.} 19. a3 Bxd3 20. cxd3 Kd7 21. Kf2 Na4 22. b3 Nc5 23. Ke3 a4 ({Better is} 23... Kc7 $11) 24. bxa4 $14 bxa3 25. Rxa3 Rxa4 26. Rc3 Na6 27. Rfc1 Rb8 28. Rc6 {Threatens to win with g4.} Ra3 29. g4 Nb4 30. Rc7+ Ke8 31. R1c3 (31. Rd1 {with more complications.} Ra2 32. Rd2 Na6 33. Ra7 Rxd2 34. Kxd2 Nc5 35. f5) 31... Rxc3 32. Rxc3 $11 {[%mdl 4096] Endgame KRN-KRN} Kd7 33. f5 gxf5 34. gxf5 exf5 35. Ra3 {Hoping for Ra7+.} Nc6 {Inhibits Ra7+.} 36. Nxc6 Kxc6 {KR-KR} 37. Ra6+ Kc5 $2 {[%mdl 8192] [#] A mistake that costs the game.} (37... Kd7 $1 $11) 38. d4+ $1 $18 Kc4 {[%cal Of5f4]} 39. Rc6+ Kb4 40. Rc5 {Black must now prevent Kf4.} Rb5 $2 (40... Rg8 41. Rxd5 Rg4) 41. Rc7 Rb6 (41... Ra5 $142 42. Rxf7 Ra1 43. Rxh7 (43. Rxf5 Kc4 $18) 43... Re1+ 44. Kf4 Kc4 45. Kxf5 Kxd4) 42. Rxf7 Rh6 {[#]} 43. Rb7+ $1 Kc4 44. Rc7+ Kb4 45. Kf4 Rxh2 46. e6 Re2 47. Kxf5 {White mates.} h5 48. Kf6 h4 49. e7 h3 50. Kf7 h2 51. Rc1 Rf2+ 52. Ke6 Rc2 {[#]} 53. e8=Q $1 {[%mdl 512]} Rxc1 54. Qb8+ Kc3 55. Qc7+ {Weighted Error Value: White=0.06 (flawless) /Black=0.48} 1-0